LEADER 00968nam0-22003611i-450- 001 990003757520403321 005 20001010 010 $a0-333-30534-4 035 $a000375752 035 $aFED01000375752 035 $a(Aleph)000375752FED01 035 $a000375752 100 $a20001010d--------km-y0itay50------ba 101 0 $aita 105 $ay-------001yy 200 1 $aMarxism and ideology$fJorge Larrain 205 $a1. ed. 210 $aLondon$cMacMillan Press$d1983 215 $aviii, 263 p.$cfig.$d21 cm 225 1 $aContemporary social theory 300 $aContiene riferimenti bibl. e indice analitico 610 0 $aIDEOLOGIA 610 0 $aMARXISMO$aStudi 676 $a140$a335.411 700 1$aLarrain,$bJorge$0120249 801 0$aIT$bUNINA$gRICA$2UNIMARC 901 $aBK 912 $a990003757520403321 952 $a140 LAR 2$b2899$fBFS 959 $aBFS 996 $aMarxism and ideology$9508782 997 $aUNINA DB $aING01 LEADER 01878nas 2200589- 450 001 996226749303316 005 20230403213018.0 011 $a2333-3392 035 $a(DE-599)ZDB2805732-6 035 $a(OCoLC)869225225 035 $a(CKB)2670000000554402 035 $a(CONSER)--2013203597 035 $a(EXLCZ)992670000000554402 100 $a20140127a20149999 --- a 101 0 $aeng 135 $aur||||||||||| 181 $ctxt$2rdacontent 182 $cc$2rdamedia 183 $acr$2rdacarrier 200 00$aHealth services research and managerial epidemiology 210 1$aThousand Oaks, CA :$cSage Publications,$d[2014]- 215 $a1 online resource 300 $aRefereed/Peer-reviewed 311 $a2333-3928 531 $aHEALTH SERV RES MANAG EPIDEMIOL 531 0 $aHealth serv. res. manag. epidemiol. 531 10$aHealth Serv Res Manag Epidemiol 606 $aMedical care$xResearch$vPeriodicals 606 $aEpidemiology$xResearch$vPeriodicals 606 $aHealth Services Research 606 $aQuality of Health Care 606 $aEpidemiologic Methods 606 $aEpidemiology$xResearch$2fast$3(OCoLC)fst00914102 606 $aMedical care$xResearch$2fast$3(OCoLC)fst01013845 608 $aPeriodical. 608 $aFulltext. 608 $aInternet Resources. 608 $aPeriodicals. 608 $aPeriodicals.$2fast 610 $aHospitals & Medical Centers 615 0$aMedical care$xResearch 615 0$aEpidemiology$xResearch 615 12$aHealth Services Research. 615 22$aQuality of Health Care. 615 22$aEpidemiologic Methods. 615 7$aEpidemiology$xResearch. 615 7$aMedical care$xResearch. 676 $a614.4 906 $aJOURNAL 912 $a996226749303316 996 $aHealth services research and managerial epidemiology$92094485 997 $aUNISA